000 00291nam a2200121Ia 4500
008 191201s2003 xx 000 0 und d
100 _aKOUSHIK,C.V
245 0 _aChemical Processing of textiles
260 _c2003
_bNCUTE-IIT DELHI
300 _a403
650 _aB.Tech(TE)
942 _2ddc
_cBK
999 _c6800
_d6800